Nebula award stories.

Bibliographic Details
New Title:Nebula awards
Previous Title:Nebula winners
Uniform Title:Nebula award stories (New York, N.Y. : 1982)
Corporate Author: Science Fiction Writers of America
Format: Serial
Language:English
Published: New York, N.Y. : Holt, Rinehart, & Winston, ©1982-©1983.
Subjects:
Online Availability: Check for online availability

MARC

Tag First Indicator Second Indicator Subfields
LEADER 00000cas a2200000 a 4500
001 in00000426721
005 20151012055742.0
008 820309d19821983nyuar1 0uuua0eng d
010 |a  84647383   |z sn 82002016  
012 |a 3  |j 0  |k 1  |l 1 
022 0 |a 0731-6690 
035 |a (OCoLC)08228331 
035 |9 ABV1336AM 
037 |b Holt, Rinehart & Winston, 383 Madison Ave., New York, NY 10017 
040 |a NSD  |c NSD  |d IXA  |d NST  |d DLC  |d NSD  |d DLC  |d NSD  |d NST  |d DLC  |d IUL  |d NST  |d TXA  |d UtOrBLW 
042 |a lc  |a nsdp 
049 |a TXAE 
090 |a PS648.S3  |b N4 
130 0 |a Nebula award stories (New York, N.Y. : 1982) 
222 0 |a Nebula award stories  |b (1982) 
245 1 0 |a Nebula award stories. 
264 1 |a New York, N.Y. :  |b Holt, Rinehart, & Winston,  |c ©1982-©1983. 
300 |a 2 volumes ;  |c 22 cm. 
310 |a Annual 
336 |a text  |b txt  |2 rdacontent 
337 |a unmediated  |b n  |2 rdamedia 
338 |a volume  |b nc  |2 rdacarrier 
362 0 |a No. 16-no. 17. 
550 |a Published for: the Science Fiction Writers of America, 1982-1983. 
650 0 |a Science fiction, American  |v Periodicals. 
710 2 |a Science Fiction Writers of America. 
780 0 0 |t Nebula winners  |x 0162-3818  |w (OCoLC)3877567  |w (DLC) 78645226 
785 0 0 |t Nebula awards  |x 0741-5567  |w (OCoLC)10127556  |w (DLC) 83647399 
890 |a Nebula award stories (New York, N.Y. : 1982) 
948 |a t3 
999 |a MARS 
999 f f |s 45b4601f-e5c8-3e64-af6a-3b72f77a58dc  |i c70afa8d-2b9e-3e3f-975f-e2306dc50d75  |t 0 
952 f f |a Texas A&M University  |b College Station  |c Sterling C. Evans Library  |d Evans: Library Stacks  |e PS648.S3 N4  |h Library of Congress classification  |i unmediated -- volume  |k no.17  |l 1981  |m A14809662238  |p normal  |s Evans stk  |t 0 
998 f f |a PS648.S3 N4  |s no.16 (1982)-no.17 (1983)  |t 0  |l Evans: Library Stacks